000 00687nam a2200241Ia 4500
003 OSt
005 20220930071749.0
006 a|||||r|||| 00| 0
007 ta
008 220926b |||||||| |||| 00| 0 hin d
024 _a18041
037 _cTheses
040 _aCRL
_cCRL
_bhin
041 _2hin
_ahin
100 _aKumar Sudha
_9528886
110 _aUniversity of Delhi. Faculty of Arts. Department of Hindi
245 0 _aMadyyayugin sufi premakaynak kavya mein chitrit shamag
260 _c1977
650 _aHINDI LITERATURE
_923866
700 _aUniversity of Delhi. Faculty of Arts. Department of Hindi
942 _cDIS
_2CC
999 _c862786
_d862786